[Event "Ruhrgebiet Regionalliga 1819"]
[Site "Nordrheinwestfalen"]
[Date "2018.09.30"]
[Round "2.8"]
[White "Georg, Felix"]
[Black "Shevchuk, Arseniy"]
[Result "1/2-1/2"]
[WhiteElo "1989"]
[BlackElo "1821"]
[PlyCount "97"]
[EventDate "2018.09.02"]
[EventType "team-tourn"]
[EventRounds "11"]
[EventCountry "GER"]
[SourceTitle "EXT 2022"]
[Source "ChessBase"]
[SourceDate "2021.10.06"]
[SourceVersion "1"]
[SourceVersionDate "2021.10.06"]
[SourceQuality "1"]
[WhiteTeam "Kamen SV"]
[BlackTeam "Bochum SG II"]
[WhiteTeamCountry "GER"]
[BlackTeamCountry "GER"]

1. Nf3 Nf6 2. c4 g6 3. b4 Bg7 4. Bb2 Na6 5. Qb3 c5 6. a3 Qb6 7. b5 Nc7 8. d4 d5 9. e3 0-0 10. dxc5 Qxc5 11. Bd4 Qd6 12. c5 Qd8 13. Nbd2 Ne6 14. Bd3 Qc7 15. Rc1 Nxd4 16. exd4 Qf4 17. 0-0 g5 18. g3 Qg4 19. Rfe1 e6 20. Ne5 Qh3 21. Bf1 Qh5 22. Be2 Qh6 23. c6 b6 24. Rc3 g4 25. Re3 Qg5 26. f4 Qh5 27. Qd1 a6 28. a4 axb5 29. axb5 Ra5 30. Nb3 Ra2 31. Qb1 Ra4 32. Qd1 Ra2 33. Qb1 Ra4 34. Qb2 Ne4 35. Bxg4 Qh6 36. Ra1 Rxa1+ 37. Qxa1 Nd6 38. Be2 f6 39. Ng4 Qg6 40. Nf2 h5 41. Qd1 h4 42. Bh5 Qh6 43. Bg4 hxg3 44. hxg3 Qg6 45. Bh5 Qh7 46. Be2 Kh8 47. g4 Qg6 48. Qd3 Qxd3 49. Bxd3 1/2-1/2